| Tag |
First Indicator |
Second Indicator |
Subfields |
| LEADER |
00000cam a2200000Ii 4500 |
| 001 |
in00000016563 |
| 005 |
20180301161618.0 |
| 008 |
780811s1977 txua b s100 0 eng d |
| 035 |
|
|
|a (OCoLC)ocm04127567
|
| 035 |
|
|
|a (OCoLC)04127567
|
| 035 |
|
|
|9 AAA9253AM
|
| 040 |
|
|
|a CAS
|b eng
|e rda
|c CAS
|d OCLCQ
|d OCLCF
|d OCLCQ
|d OCLCO
|d NLC
|
| 015 |
|
|
|a 801010535 rev /r842
|2 can
|
| 016 |
|
|
|a (AMICUS)000002635717
|
| 035 |
|
|
|a (OCoLC)4127567
|
| 050 |
|
4 |
|a Z678.9
|b .T4x
|
| 090 |
|
|
|a AS36
|b .T37 no.16
|
| 049 |
|
|
|a TXAM
|
| 110 |
2 |
|
|a Texas A & M University.
|b Library,
|e author.
|
| 245 |
1 |
4 |
|a The future of organizing knowledge :
|b papers presented at the Texas A & M University Libraries Centennial Academic Assembly, September 24, 1976.
|
| 264 |
|
1 |
|a College Station, Texas :
|b Texas A & M University Libraries,
|c 1977.
|
| 300 |
|
|
|a ix, 50 pages :
|b illustrations ;
|c 28 cm
|
| 336 |
|
|
|a text
|b txt
|2 rdacontent
|
| 337 |
|
|
|a unmediated
|b n
|2 rdamedia
|
| 338 |
|
|
|a volume
|b nc
|2 rdacarrier
|
| 490 |
1 |
|
|a Texas A & M University Libraries miscellaneous publication ;
|v 16
|
| 504 |
|
|
|a Includes bibliographical references (pages 49-50).
|
| 505 |
0 |
0 |
|t The communications revolution : America's third century challenge /
|r by Lee G. Burchinal --
|t The future of organizing knowledge : a matter of access /
|r by Ralph E. O'Dette --
|t The many facets of MARC /
|r by Lenore S. Maruyama.
|
| 650 |
|
0 |
|a Information science
|v Congresses.
|
| 650 |
|
0 |
|a Information organization
|v Congresses.
|
| 650 |
|
0 |
|a Library science
|v Congresses.
|
| 650 |
|
7 |
|a Information science.
|2 fast
|0 (OCoLC)fst00972640
|
| 650 |
|
6 |
|a Recherche de l'information.
|
| 776 |
0 |
8 |
|i Online version:
|a Texas A & M University. Library.
|t Future of organizing knowledge.
|d College Station, Tex. : Texas A & M University Libraries, 1977
|w (OCoLC)761266619
|
| 830 |
|
0 |
|a Miscellaneous publication (Texas A & M University. Libraries) ;
|v 16.
|
| 948 |
|
|
|a updated
|b h
|c 2018/03/01
|e zdobbs
|f 4:15:52 pm
|
| 994 |
|
|
|a C0
|b TXA
|
| 999 |
f |
f |
|s dd9db715-f854-3186-b627-4b6ec4713167
|i d3aa8418-4fb1-3693-8187-c734ee331f90
|t 0
|
| 952 |
f |
f |
|p noncirc
|a Texas A&M University
|b College Station
|c Cushing Memorial Library & Archives
|d Cushing: Texas A&M Publications (Remote Storage: 2-3 day retrieval)
|t 0
|e AS36 .T37 no.16
|h Library of Congress classification
|i unmediated -- volume
|
| 952 |
f |
f |
|p noncirc
|a Texas A&M University
|b College Station
|c Cushing Memorial Library & Archives
|d Cushing: Texas A&M (Does not check out)
|t 0
|e AS36 .T37 no.16
|h Library of Congress classification
|i unmediated -- volume
|m A14851949496
|
| 952 |
f |
f |
|p noncirc
|a Texas A&M University
|b College Station
|c Cushing Memorial Library & Archives
|d Cushing: Texas A&M Publications (Remote Storage: 2-3 day retrieval)
|t 0
|e AS36 .T37 no.16
|h Library of Congress classification
|i unmediated -- volume
|
| 952 |
f |
f |
|p normal
|a Texas A&M University
|b College Station
|c Sterling C. Evans Library
|d Evans: Library Stacks
|t 0
|e AS36 .T37 no.16
|h Library of Congress classification
|i unmediated -- volume
|m A14811050065
|
| 998 |
f |
f |
|a AS36 .T37 no.16
|t 0
|l Cushing: Texas A&M Publications (Remote Storage: 2-3 day retrieval)
|
| 998 |
f |
f |
|a AS36 .T37 no.16
|t 0
|l Cushing: Texas A&M Publications (Remote Storage: 2-3 day retrieval)
|
| 998 |
f |
f |
|a AS36 .T37 no.16
|t 0
|l Evans: Library Stacks
|
| 998 |
f |
f |
|a AS36 .T37 no.16
|t 0
|l Cushing: Texas A&M (Does not check out)
|